Mahadev (Record no. 96166)

MARC details
000 -LEADER
fixed length control field 00541nam a2200229Ia 4500
005 - DATE AND TIME OF LATEST TRANSACTION
control field 20230427081316.0
008 - FIXED-LENGTH DATA ELEMENTS--GENERAL INFORMATION
fixed length control field 230125s9999 xx 000 0 und d
020 ## - INTERNATIONAL STANDARD BOOK NUMBER
International Standard Book Number 9780143447474
041 ## - LANGUAGE CODE
Language code of text/sound track or separate title eng
082 ## - DEWEY DECIMAL CLASSIFICATION NUMBER
Classification number 823
Item number NAR
100 ## - MAIN ENTRY--PERSONAL NAME
Author Narayanan R
245 ## - TITLE STATEMENT
Title Mahadev
250 ## - EDITION STATEMENT
Edition statement 1st Ed.
260 ## - PUBLICATION, DISTRIBUTION, ETC.
Date of publication, distribution, etc. 2019
Name of publisher, distributor, etc. Penguin Random House India
Place of publication, distribution, etc. Haryana
300 ## - PHYSICAL DESCRIPTION
Extent 213p
500 ## - GENERAL NOTE
Keywords Change management<br/>
650 ## - SUBJECT ADDED ENTRY--TOPICAL TERM
Topical term or geographic name entry element Change management
700 ## - ADDED ENTRY--PERSONAL NAME
Personal name Narayanan R
942 ## - ADDED ENTRY ELEMENTS (KOHA)
Koha item type Books
906 ## - LOCAL DATA ELEMENT F, LDF (RLIN)
b 70
Holdings
Withdrawn status Lost status Damaged status Not for loan Home library Current library Date acquired Vendor Net Price Bill number Total Checkouts Total Renewals Full call number Barcode Date last seen Date last checked out Actual Price Bill Date Koha item type Original Barcode
        Smt. Hiraben Nanavati Institute of Management & Research for Women Smt. Hiraben Nanavati Institute of Management & Research for Women 02/01/2020 Forward Books 250.00 11159 5 3 823 NAR B19286 HIMR-BK-19286 20/02/2026 05/02/2026 180.00 25/01/2023 Books B19286